La notion de pardon chez Kierkegaard ou Kierkegaard lecteur de l'Epître aux Romains / (Record no. 13690)

MARC details
000 -LEADER
campo de control de longitud fija 00933nam a2200277 i 4500
001 - NÚMERO DE CONTROL
campo de control 13690
003 - IDENTIFICADOR DE NÚMERO DE CONTROL
campo de control ES-MaACL
005 - FECHA Y HORA DE LA ÚLTIMA TRANSACCIÓN
campo de control 20230906150637.0
007 - CAMPO FIJO DE DESCRIPCIÓN FÍSICA--INFORMACIÓN GENERAL
campo de control de longitud fija t|
008 - DATOS DE LONGITUD FIJA--INFORMACIÓN GENERAL
campo de control de longitud fija 980601s1983 fr ||||1| fre d
020 ## - NÚMERO INTERNACIONAL ESTÁNDAR DEL LIBRO
Número Internacional Estándar del Libro 2-7116-0827-1
080 ## - NÚMERO DE LA CLASIFICACIÓN DECIMAL UNIVERSAL
Número de la Clasificación Decimal Universal 241.513.43
080 ## - NÚMERO DE LA CLASIFICACIÓN DECIMAL UNIVERSAL
Número de la Clasificación Decimal Universal 1 Kierkegaard, Sáuren
100 1# - ENTRADA PRINCIPAL--NOMBRE DE PERSONA
Nombre de persona Lhote, Aude-Marie.
9 (RLIN) 72139
245 13 - MENCIÓN DEL TÍTULO
Título La notion de pardon chez Kierkegaard ou Kierkegaard lecteur de l'Epître aux Romains /
Mención de responsabilidad, etc. par Aude-Marie Lhote ; préface de Henri Gouhier.
260 ## - PUBLICACIÓN, DISTRIBUCIÓN, ETC.
Lugar de publicación, distribución, etc. Paris :
Nombre del editor, distribuidor, etc. J. Vrin,
Fecha de publicación, distribución, etc. 1983.
300 ## - DESCRIPCIÓN FÍSICA
Extensión 143 p. ;
Dimensiones 24 cm.
490 1# - MENCIÓN DE SERIE
Mención de serie Bibliothèque d'histoire de la philosophie
504 ## - NOTA DE BIBLIOGRAFÍA, ETC.
Nota de bibliografía, etc. Bibliografía : p. [139]-143.
600 14 - PUNTO DE ACCESO ADICIONAL DE MATERIA--NOMBRE DE PERSONA
Nombre de persona Kierkegaard, Søren (
Fechas asociadas al nombre 1813-1855)
9 (RLIN) 68014
650 14 - PUNTO DE ACCESO ADICIONAL DE MATERIA--TÉRMINO DE MATERIA
Término de materia o nombre geográfico como elemento de entrada Perdón.
9 (RLIN) 15935
700 1# - ENTRADA AGREGADA--NOMBRE PERSONAL
Nombre de persona Gouhier, Henri.
9 (RLIN) 59322
830 0# - PUNTO DE ACCESO ADICIONAL DE SERIE-TÍTULO UNIFORME
Título uniforme Bibliothèque d'histoire de la philosophie
9 (RLIN) 177275
852 ## - LOCALIZACIÓN
Ubicación ES-MaACL
Número de control de estantería L-21040
Sublocalización o colección R.115714
Holdings
Estatus retirado Estado de pérdida Estado de daño No para préstamo Biblioteca de origen Biblioteca actual Ubicación en estantería Fecha de adquisición Fuente de adquisición Total de préstamos Signatura topográfica completa Código de barras Visto por última vez Precio de reemplazo Tipo de ítem Koha
        Biblioteca del Ateneo de Madrid Biblioteca del Ateneo de Madrid Depósito 2 17/01/2008     L-21040 1013934 23/02/2023 23/02/2023 Libro impreso